000 00516nam a22001697a 4500
005 20241125205313.0
008 241125b |||||||| |||| 00| 0 eng d
020 _a9790070088176
050 _aQC23
_b.B8496
100 _aBueche, Frederick J.
245 _aPrinciples of Physics/
_cFrederick J. Bueche & David A. Jerde
250 _a6th ed.
260 _aNew York
_bMcGraw-Hill, INC.
_c1995
300 _axxii.905.various paging
_bill. some color
_c25.5cm
700 _aJerde, David A.
942 _2lcc
_cBK
_e6th ed.
_n0
999 _c1553
_d1553